1354 1936 1123 1826 1820 1417 1583 1308 1068 1596 1357 1364 1109 1146 1959 1676 1631 1598 1718 1678 1367 1031 1390 1038 1978 1952 1058 1451 1725 1794 1115 1996 1080 1500 1017 1337 1273 1334 1708 1122 1006 1020 1391 1233 1070 1798 1496 1932 1386 1374 1610 1788 1079 1547 1494 1474 1745 1566 1967 1250 1827 1222 1840 1898 1585 1629 1984 1078 1537 1852 1296 1532 1819 1175 1898 1823 1473 1045 1197 1539 1216 1979 1583 1263 1683 1152 1439 1019 1783 1044 1620 1403 1911 1406 1391 1892 1112 1808 1927 BCNSPRNW ULIB Ver.6.0+V

เปลี่ยนเป็นภาษาไทย

Change to English
 แสดงรายละเอียดบรรณานุกรม
  กลับหน้าหลัก

Brief Record : Get Marc (ISO 2709) : E-mail record : QR code < ปิดหน้าต่าง
LEADER : 00000nam 2200000uu 4500
001    13399107819
003     ULIB
008    110204s2543||||th 000 0 tha d
020    9748599701
041 0  tha
060 04 WY161^bก496 2543
245 00 การพยาบาลทางศัลยศาสตร์ เล่ม 3 /^cสมพร ชินโนรส, บรรณาธิการ
250    พิมพ์ครั้งที่ 1
260    กรุงเทพฯ :^bภาควิชาพยาบาลศาสตร์คณะแพทยศาสตร์โรงพยาบาลรามาธิบดี มหาวิทยาลัยมหิดล,^c2543
300     เล่ม :^bภาพประกอบ ;^c27 ซม.
650  7 การพยาบาลศัลยศาสตร์
700 0  สมพร ชินโนรส,^eบรรณาธิการ
710 2  มหาวิทยาลัยมหิดล. ^bคณะแพทยศาสตร์โรงพยาบาลรามาธิบดี.^bภาควิชาพยาบาลศาสตร์
945    ^p0^l0^i014030
945    ^p0^l0^i014029
945    ^p0^l0^i012784
945    ^p0^l0^i012782
945    ^p0^l0^i012780
945    ^p0^l0^i012778
945    ^p0^l0^i012777
945    ^p0^l0^i012776
945    ^p0^l0^i012774
945    ^p0^l0^i012772
945    ^p0^l0^i012770
945    ^p0^l0^i014028
945    ^p0^l0^i012783
945    ^p0^l0^i012781
945    ^p0^l0^i012779
945    ^p0^l0^i012775
945    ^p0^l0^i012773
945    ^p0^l0^i012771
995    ศพร
999 ^a ใช้งานได้ทุกระบบ
รายการนี้ยังไม่มีแท็ก
คุณยังไม่ได้ล็อกอิน คุณสามารถมีกิจกรรมร่วมกับเว็บไซต์ได้ แต่ต้องล็อกอินก่อน ::
  ล็อกอิน

รายการสื่อสารสนเทศ

ลำดับที่ ประเภท เลขเรียก/บาร์โค้ด สถานที่ สถานะ
1. วิทยาศาสตร์การแพทย์ และสุขภาพ
วิทยาศาสตร์การแพทย์ และสุขภาพ
สถานะ=หนังสือเก่า
WY161 ก496 2543 ฉ.7 
  Barcode: 012776
ห้องสมุดวิทยาเขตสวรรค์ประชารักษ์
►ส่วนจัดเก็บหนังสือเก่า สปร
บนชั้น
  ขอยืม

รายการใกล้เคียง
    หัวเรื่อง [การพยาบาลศัลยศาสตร์]

BibComment


ยังไม่เคยถูกคอมเมนท์

คอมเมนท์ทรัพยากรรายการนี้
  คอมเมนท์: การพยาบาลทางศัลยศ..


 Copyright 2026. Bcnsprnw @Library